000 00958nac a22002531u 4500
010 _a 83015979
020 _a0132777231
082 0 0 _a658.15
_bTHU
090 _c6474
_d6474
100 _aThuesen, G. J.,
245 1 0 _aEngineering economy /
_cG.J. Thuesen, W.J. Fabrycky.
250 _a6th ed. /
_bG.J. Thuesen, W.J. Fabrycky.
260 _aEnglewood Cliffs, N.J. :
_bPrentice-Hall,c1984.
_cc1984.
300 _axvi, 633 p. :
_bill. ;
_c24 cm.
440 0 _aPrentice-Hall international series in industrial and systems engineering
500 _aRev. ed. of: Engineering economy. 5th ed. /H.G. Thuesen, W.J. Fabrycky, G.J. Thuesen. c1977.
500 _aIncludes index.
500 _aDistributer: Al-Ahram.
504 _aBibliography: p. [617]-619.
511 _aCatalogued By: Mahitab.
650 0 _aEngineering economy.
700 1 _aThuesen, H. G.
_q(Holger George),
_d1898-
942 _cBB
_k658.15THU
999 _c6474
_d6474